The Gummy candy counting book / (Record no. 103240)
[ view plain ]
| 000 -LEADER | |
|---|---|
| fixed length control field | 00632nam a2200181 a 4500 |
| 005 - DATE AND TIME OF LATEST TRANSACTION | |
| control field | 20140412111256.0 |
| 008 - FIXED-LENGTH DATA ELEMENTS--GENERAL INFORMATION | |
| fixed length control field | 000824s19uu xx 00 eng d |
| 020 ## - INTERNATIONAL STANDARD BOOK NUMBER | |
| International Standard Book Number | 0-590-34127-8 |
| 050 ## - LIBRARY OF CONGRESS CALL NUMBER | |
| Classification number | TR(GS 513 |
| Item number | H87 1997 |
| 100 ## - MAIN ENTRY--PERSONAL NAME | |
| Personal name | Hucthings, Amy |
| 245 ## - TITLE STATEMENT | |
| Title | The Gummy candy counting book / |
| Statement of responsibility, etc | by Amy and Richard Hutchings ; photographs by Richard Hutchings. |
| 260 ## - PUBLICATION, DISTRIBUTION, ETC. (IMPRINT) | |
| Place of publication, distribution, etc | New York : |
| Name of publisher, distributor, etc | Scholastic Inc./Cartwheel Books, |
| Date of publication, distribution, etc | 1997. |
| 300 ## - PHYSICAL DESCRIPTION | |
| Extent | 1 v. (unp.) ; ill. |
| 440 ## - SERIES STATEMENT/ADDED ENTRY--TITLE | |
| Title | Read with me |
| 520 ## - SUMMARY, ETC. | |
| Summary, etc | Get ready to count the things you love to chew. Learn how to count from 1-12. |
| 650 ## - SUBJECT ADDED ENTRY--TOPICAL TERM | |
| Topical term or geographic name as entry element | Counting-Fiction |
| Withdrawn status | Lost status | Damaged status | Home library | Current library | Shelving location | Date acquired | Source of acquisition | Cost, normal purchase price | Total Checkouts | Full call number | Barcode | Date last seen | Price effective from | Koha item type |
|---|---|---|---|---|---|---|---|---|---|---|---|---|---|---|
| Elizalde Library | Elizalde Library | Teachers Reference Section | 08/24/2000 | 133.00 | TR(GS 513 H87 1997 | E4049 | 04/12/2014 | 04/12/2014 | Books |